00293nam a2200121Ia 4500008004100000082001600041100001800057245004000075250000800115260003200123300000800155650000800163191201s2009 xx 000 0 und d a658.15bSOM aSOMANATH,V.S. 0aMicro Finance Redefining the future a1st aN. DelhibExcel Booksc2009 a286 aMBA